00562 2200217 4500001002100000005001500021035002000036007000300056008004100059020002200100082001000122084001600132100002000148245005600168250001000224260003400234300002600268650002300294700001800317990000900335INLIS00000000001670320230824104232 a0010-0823000076ta230824 g 0 ind  a978 602 6421 02 9 a641.3 a641.3 REV b0 aREVA, Divantari1 aBuku Pintar Menu Sehat :b30 hari /cReva Divantari aCet.1 aJakarta :bPedar Kindy,c2016 a180 hlm ;c14 x 21 cm 4aMenu Sehat Makanan0 aEditor; INTAN a5855